| 000 | 00626cam a2200217 4500500 | ||
|---|---|---|---|
| 005 | 20260329003209.0 | ||
| 041 | _afre | ||
| 042 | _adc | ||
| 100 | 1 | 0 |
_aEltchaninoff, Michel _eauthor |
| 245 | 0 | 0 | _aL’alterophilie est un sport de combat |
| 260 | _c2015. | ||
| 500 | _a45 | ||
| 690 | _aAltérité | ||
| 690 | _aAutre | ||
| 690 | _aBuber | ||
| 690 | _aHusserl | ||
| 690 | _aMichel Eltchaninoff | ||
| 690 | _aSartre | ||
| 786 | 0 | _nPhilosophie magazine | 86 | 2 | 2015-02-01 | p. 21-21 | 1951-1787 | |
| 856 | 4 | 1 | _uhttps://shs.cairn.info/magazine-philosophie-magazine-2015-2-page-21?lang=fr&redirect-ssocas=7080 |
| 999 |
_c1822288 _d1822288 |
||